The Ramon Magsaysay awards 1966-1968 / (Record no. 28208)
[ view plain ]
| 000 -LEADER | |
|---|---|
| fixed length control field | 01082cam a2200289 a 4500 |
| 001 - CONTROL NUMBER | |
| control field | 28208 |
| 003 - CONTROL NUMBER IDENTIFIER | |
| rucl marc code | BD-RjUL |
| 005 - DATE AND TIME OF LATEST TRANSACTION | |
| control field | 20211209051242.0 |
| 008 - FIXED-LENGTH DATA ELEMENTS--GENERAL INFORMATION | |
| fixed length control field | 1403 t1980 xx ac 0 a0eng d |
| 035 ## - SYSTEM CONTROL NUMBER | |
| System control number | (BD-RjUL)28289 |
| 040 ## - CATALOGING SOURCE | |
| Original cataloging agency | DLC |
| Language of cataloging | eng |
| Transcribing agency | DLC |
| Modifying agency | NST |
| -- | DLC |
| -- | NST |
| -- | NLGGC |
| -- | BD-RjUL |
| -- | UKMGB |
| -- | OCoLC |
| 041 ## - LANGUAGE CODE | |
| Language code of text/sound track or separate title | eng |
| 082 00 - DEWEY DECIMAL CLASSIFICATION NUMBER | |
| Classification number | 001.44 |
| Author mark and year | MAR 1980 |
| 100 1# - MAIN ENTRY--PERSONAL NAME | |
| Personal name | Magsaysay, Ramon |
| 9 (RLIN) | 86396 |
| 245 04 - TITLE STATEMENT | |
| Title | The Ramon Magsaysay awards 1966-1968 / |
| 260 ## - PUBLICATION, DISTRIBUTION, ETC. (IMPRINT) | |
| Place of publication, distribution, etc. | Manila : |
| Name of publisher, distributor, etc. | Carmelo & Bauermann printing cor., |
| Date of publication, distribution, etc. | c1980. |
| 300 ## - PHYSICAL DESCRIPTION | |
| Pagination | 285 p. : |
| Illustrations | ill. ; |
| Size | 24 cm. |
| 650 #0 - SUBJECT ADDED ENTRY--TOPICAL TERM | |
| Topical term or geographic name as entry element | Ramon Magsaysay awards |
| Form subdivision | Periodicals. |
| 9 (RLIN) | 86383 |
| Topical term or geographic name as entry element | Sociale wetenschappen. |
| Source of heading or term | gtt |
| 9 (RLIN) | 4431 |
| Topical term or geographic name as entry element | Onderscheidingen. |
| Source of heading or term | gtt |
| 9 (RLIN) | 86384 |
| 710 2# - ADDED ENTRY--CORPORATE NAME | |
| Corporate name or jurisdiction name as entry element | Ramon Magsaysay Award Foundation. |
| Subordinate unit | Board of Trustees. |
| 9 (RLIN) | 86385 |
| 776 08 - ADDITIONAL PHYSICAL FORM ENTRY | |
| Relationship information | Online version: |
| Title | Ramon Magsaysay awards |
| Record control number | (OCoLC)565675184 |
| 942 ## - ADDED ENTRY ELEMENTS (KOHA) | |
| Source of classification or shelving scheme | Dewey Decimal Classification |
| Koha item type | Books |
| Lost status | Source of classification or shelving scheme | Damaged status | Not for loan | Collection code | Permanent Location | Current Location | Shelving location | Date acquired | Source of acquisition | Total Checkouts | Full call number | Date last seen | Copy number | Koha item type |
|---|---|---|---|---|---|---|---|---|---|---|---|---|---|---|
| Dewey Decimal Classification | Added to bundle | Non-fiction | Central Library, University of Rajshahi | Central Library, University of Rajshahi | Reading Room | 29/04/1982 | Random management Faghiting | 001.44 MAR 1980 | 29/03/2014 | C-1 | Books | |||
| Dewey Decimal Classification | Non-fiction | Central Library, University of Rajshahi | Central Library, University of Rajshahi | 29/04/1982 | Ramon management foundation | 001.44 MAR 1980 | 29/03/2014 | C-2 | Books |